Responses for show #1355 - Friday, June 22, 1990

Contestants

Bill Heins, a graduate student originally from Whiting, Iowa

Philis Curlender, a homemaker from Los Angeles, California

Gary Harvey, an accounts payable supervisor originally from Baltimore, Maryland

Jeopardy! Round responses

20TH CENTURY PERSONALITIES
[The TH was uppercase and about 5/6ths the size of the 20.]
BEER
GEOGRAPHY
CHILDREN'S LITERATURE
MUSEUMS
"OF" SONGS
    $100 21
(Philis: Who is Stalin?)
(Alex: Be more specific.)

Svetlana Stalin

Philis
    $100 2
near beer

Bill
    $100 13
Monaco

Philis
    $100 11
Tinker Bell

Bill
    $100 25
(Philis: What is Washington, D.C.?)
...
[End of round signals.]

Indianapolis

PhilisBill
    $100 1
"Battle Hymn of the Reublic"

Bill
    $200 22
(Philis: Who is Fa-Fayeed?)

(Gamal Abdel) Nasser

PhilisBill
    $200 3
sake

Bill
    $200 17
Erie

Bill
    $200 12
humph

Triple Stumper
    $200 7
(Bill: What's "the story of love?")

the glory of love

Bill
Triple Stumper
    $300 23
Mata Hari

Philis
    $300 4
Holland

Bill
    $300 18
Soviet Union

Philis
    $300 14
Bremen Town Musicians

Triple Stumper
    $300 8
(Gary: What is "[*]?")
(Alex: We'll give it to you, it's "The Sounds of Silence.")

"The Sound of Silence"

Gary
    $400 24
(Bill: Who is Akihiro?)

Akihito

Bill
Triple Stumper
    $400 5
(Philis: What are hops?)

carbohydrates

PhilisBill
    $400 19
Brittany

Philis
    $400 15
pushmi-pullyu

Triple Stumper
    $400 9
"Stop in the Name of Love"

Gary
    $500 6
stout

Gary
    $500 20
(Bill: What is Iran?)
...
(Alex: Philis, we go to you with a minute to go in the round.)

Saudi Arabia

Bill
Triple Stumper
    $500 16
Tom Swift

Bill
    $1,200 10
[The song was not played going into the break.]

"My Kind of Girl"

Gary

Scores at the first commercial break (after clue 10):

Gary Philis Bill
$2,400 -$400 $900

Scores at the end of the Jeopardy! Round:

Gary Philis Bill
$2,400 $500 $1,100

Double Jeopardy! Round responses

ANCIENT HISTORY
WEATHER
QUOTES
ZOOLOGY
U.S. GOVERNMENT
CHARACTERS IN MUSICALS
    $200 11
Nero

Philis
    $200 4
hailstones

Philis
    $200 18
F. Scott Fitzgerald

Philis
    $200 1
sponges

Bill
    $200 12
Agriculture Secretary

Bill
    $200 25
[End of round signals.]

Guys and Dolls

Philis
    $400 13
India & Pakistan

Triple Stumper
    $400 7
tornadoes

Bill
    $400 19
(Philis: What is sing?)
(Alex: Sing or [*].)

sings

Philis
    $400 2
(Bill: What is a squirrel?)

bat

PhilisBill
    $400 16
affirm

Triple Stumper
    $600 14
(Philis: What is Greece?)

Switzerland

PhilisBill
    $600 8
Pacific

Bill
    $600 20
Rock of Gibraltar

Triple Stumper
    $600 3
amphibians

Bill
    $600 17
C.I.A.

Philis
    $1,000 15
(Bill: Who is Hannibal?)

Augustus Caesar (Octavius)

Bill
    $800 9
small craft warnings

Triple Stumper
    $800 21
(Alex: We have less than a minute to go.)

my soul can reach

Triple Stumper
    $200 5
(Philis: What is one is dead insects and one is live insects?)

the way they give birth

Philis
    $800 23
January 3rd

Triple Stumper
    $1000 10
(Philis: What is precipitation?)

humidity

Philis
Triple Stumper
    $1000 22
(Gary: ...Who is?)

Christopher Isherwood

Gary
Triple Stumper
    $1000 6
aestivate

Bill
    $1000 24
(Gary: What is by sending money?)

minting coins

Gary
Triple Stumper

Scores at the end of the Double Jeopardy! Round:

Gary Philis Bill
$400 $900 $3,300
(lock game)

[wagering suggestions for these scores]

Final Jeopardy! Round responses

AMERICAN WRITERS
GaryWho was Margaret Mitchell?
$350
PhilisWho is Edna Ferber?
$1
BillWho is Pearl Buck?
$1,000
Pearl Buck

Final scores:

Gary Philis Bill
$50 $899 $4,300
3rd place: Secrets of the Unknown VHS set & NES with Family & Junior editions of Jeopardy! & Wheel of Fortune 2nd place: trip on Delta to Las Vegas & stay at Flamingo Hilton New champion: $4,300

Game dynamics:

Coryat scores:

Gary Philis Bill
-$300 $1,100 $4,300
4 R
(including 1 DD),
2 W
12 R,
6 W
(including 1 DD)
17 R,
5 W
(including 1 DD)

Combined Coryat: $5,100

The J! Archive is created by fans, for fans. The Jeopardy! game show and all elements thereof, including but not limited to copyright and trademark thereto, are the property of Jeopardy Productions, Inc. and are protected under law. This website is not affiliated with, sponsored by, or operated by Jeopardy Productions, Inc. Join the discussion at JBoard.tv.